|
|
|
|
| LEADER |
00000ntmaa2200000 a 4500 |
| 001 |
vtls012013429 |
| 003 |
SK-MaSNL |
| 005 |
20260425222742.0 |
| 008 |
251201i1860 xo || 000 idslo |
| 035 |
|
|
|a urn:nbn:sk:snk-tm00fen4
|
| 035 |
|
|
|a urn:nbn:sk:snk-tm3n45a
|
| 035 |
|
|
|a 22D4FF3B-1E42-46EC-9E01-46702B045CFD
|
| 040 |
|
|
|a SNKLA
|b slo
|c SNKLA
|e AACR2
|
| 041 |
0 |
|
|a slo
|
| 044 |
|
|
|a xo
|c SK
|
| 080 |
|
|
|a 025.171
|2 2011
|
| 080 |
|
|
|a 173
|2 2011
|
| 080 |
|
|
|a (044)
|2 2011
|
| 080 |
|
|
|a 82-95
|2 2011
|
| 080 |
|
|
|a 910.4
|2 2011
|
| 080 |
|
|
|a 329.1/.6
|2 2011
|
| 080 |
|
|
|a 2-674
|2 2011
|
| 080 |
|
|
|a (430)
|2 2011
|
| 080 |
|
|
|a (437.6)
|2 2011
|
| 080 |
|
|
|a (439.2)
|2 2011
|
| 080 |
|
|
|a (437.311)
|2 2011
|
| 080 |
|
|
|a 37.091.3
|2 2011
|
| 080 |
|
|
|a 821.162
|2 2011
|
| 080 |
|
|
|a 82-027.22
|2 2011
|
| 100 |
1 |
|
|a Hurban, Jozef Miloslav,
|d 1817-1888
|4 aut
|9 93005
|
| 245 |
1 |
0 |
|a [Listy Jozefa Miloslava Hurbana Svetozárovi Hurbanovi Vajanskému]
|b [List Jozefa Miloslava Hurbana Ide Hurbanovej]
|c DrHurban ; Aňa
|
| 260 |
|
|
|a V Hlbokom
|c 1860-1883
|
| 300 |
|
|
|a 16 nečíslovaných strán, 57 strán
|b rukopis, strojop. (odpis), voľné listy
|c 21-34 cm
|
| 500 |
|
|
|a Obsahuje 33 listov, z toho jeden je adresovaný I. Hurbanovej a jeden adresovaný S. Hurbanovi Vajanskému určený zhromaždeniu slovenských spisovateľov v Turč. Sv. Martine v r. 1885
|
| 500 |
|
|
|a 6 listov je v origináli, ostatné sú odpisy
|
| 500 |
|
|
|a Obsahuje pečiatky poštových úradov a známku
|
| 500 |
|
|
|a Pripojený zoznam odpisov listov
|
| 500 |
|
|
|a Pečať s iniciálami M.I.H.
|
| 500 |
|
|
|a V liste z 2.1.1865 je dodatok od matky Anny
|
| 520 |
2 |
|
|a Väčšina korešpondencie medzi otcom a synom rozoberá rodinné záležitosti, v úvodných listoch sú zmienky o štúdiu Vajanského v Nemecku, v ďalších už o jeho literárnej činnosti. Napr. v liste zo 6.12.1879 otec chváli synovu zbierku Tatry a more, v liste zo 7.1.1880 sa nachádza jej podrobný rozbor. V liste zo 14.4.1883 je kritický rozbor novely Letiace tiene, tiež zmienka o Hviezdoslavovi. V liste z 18.11.1883 sa vyjadruje k práci Ľudovít Štúr. V liste z r. 1863 je zmienka o otvorení Matice slovenskej, v liste z 27.4.1883 o rozporoch medzi ev. a.v. cirkvou na Slovensku a autonómnou cirkvou uhorskou, v liste zo 6.12.1883 vyjadruje dojmy z pobytu v Prahe a píše o rozporoch medzi staročechmi a mladočechmi
|
| 555 |
0 |
|
|a Inventár rukopisov Literárneho archívu Matice slovenskej VIII. Fondy 31 - 41. Martin : Matica slovenská 1979
|
| 561 |
|
|
|a Okrúhla pečiatka: Museálna slovenská spoločnosť
|
| 561 |
|
|
|a Okrúhla pečiatka: Literárny archív Matice slovenskej Martin
|
| 600 |
1 |
7 |
|a Hviezdoslav, Pavol Országh,
|d 1849-1921
|2 SNKMA
|9 92721
|
| 600 |
1 |
7 |
|a Štúr, Ľudovít,
|d 1815-1856
|2 SNKMA
|9 92872
|
| 610 |
2 |
7 |
|a Evanjelická cirkev a.v.
|2 SNKKA
|9 32425
|
| 610 |
2 |
7 |
|a Matica slovenská
|2 SNKKA
|9 14662
|
| 650 |
0 |
7 |
|a rodina
|2 SNKPH
|9 4138
|
| 650 |
0 |
7 |
|a štúdium a výučba
|2 SNKPH
|9 3982
|
| 650 |
0 |
7 |
|a slovenská literatúra
|2 SNKPH
|9 1115
|
| 650 |
0 |
7 |
|a literárny život
|2 SNKPH
|9 3769
|
| 650 |
0 |
7 |
|a literárna kritika
|2 SNKPH
|9 1138
|
| 650 |
0 |
7 |
|a cesty a pobyt
|2 SNKPH
|9 3490
|
| 650 |
0 |
7 |
|a politické strany
|2 SNKPH
|9 3589
|
| 650 |
0 |
7 |
|a náboženské konflikty
|2 SNKPH
|9 69636
|
| 651 |
|
7 |
|a Nemecko
|2 SNKPHgeo
|9 21020
|
| 651 |
|
7 |
|a Slovensko
|2 SNKPHgeo
|9 14231
|
| 651 |
|
7 |
|a Praha (Česko)
|2 SNKPH
|9 19313
|
| 651 |
|
7 |
|a Uhorsko
|2 SNKPH
|9 28673
|
| 655 |
|
7 |
|a rukopisy
|2 SNKPH
|9 70548
|
| 655 |
|
7 |
|a korešpondencia
|2 SNKPH
|9 60843
|
| 655 |
|
7 |
|a listy
|2 SNKPH
|9 84490
|
| 700 |
1 |
|
|a Hurbanová, Ida,
|d 1851-1920
|4 rcp
|9 209554
|
| 700 |
1 |
|
|a Jurkovičová-Hurbanová, Anna,
|d 1824-1905
|4 aut
|9 167756
|
| 700 |
1 |
|
|a Vajanský, Svetozár Hurban,
|d 1847-1916
|4 rcp
|9 110614
|
| 740 |
0 |
2 |
|a [List Jozefa Miloslava Hurbana Ide Hurbanovej]
|
| 752 |
|
|
|a Slovensko
|d Hlboké
|
| 852 |
|
|
|a Slovenská národná knižnica
|b Literárny archív
|
| 958 |
|
|
|a OF
|
| 958 |
|
|
|a LAVD
|
| 999 |
|
|
|c 567118
|d 569048
|
| 952 |
|
|
|a SNKLA
|b SNKLA
|c SNKLA_DEP
|y NEVYP
|7 0
|p 17A1311982
|o snk32 B 55
|0 0
|1 0
|4 0
|d 2021-02-05
|f 1
|l 0
|r 2026-02-23 14:02:06
|w 2026-02-23
|